Регионална библиотека "Любен Каравелов" - Русе

Монтесори от самото начало (Запис номер 330238)

MARC детайли
000 -Лидер
Контролно поле с фиксирана дължина 01282nam a2200301 a 4500
003 - Код на организацията, давaща контролен номер
Контролно поле BLK
005 - Дата и час на последна редакция
Контролно поле 20231207144644.0
008 - Елементи от данни с фиксирана дължина
fixed length control field 190412b bu ||||| |||| 00| 0 bu d
020 ## - Международен стандартен номер на книга ISBN
Международен стандартен номер на книга ISBN 978-619-7356-62-5
040 ## - Източник на каталожния запис
Идентификатор на билиотеката - собственик на записа BLK
041 ## - Код за език
Код за езика на текст/звукозапис или на отделно заглавие Български
Код за езика КДБФ Български
080 ## - УДК
Текстов определител УДК Монтесори
УДК код - определител по УДК 371.481
080 ## - УДК
Текстов определител УДК Възпитание в дома и в училище
УДК код - определител по УДК 37.018.1/.2
100 ## - Редна дума - Автор
Автор Джесън, Лин Лилард
Авторска отговорност първи автор
R(LIN) 1299
139 ## - Редно поле
Редна дума Джесън, Лин Лилард
Авторски знак Дже - Д 50
245 ## - Сведения за заглавието
Заглавие Монтесори от самото начало
Подзаглавни данни Детето от раждането до тригодишна възраст
Редно поле (дума) Лин Лилард Джесън, Пола Полк Лилард; прев. Евгения Димитрова-Минева
260 ## - Област на издателските данни
9 (RLIN) 213613
Място на издаване, разпространение и проч. В. Търново
Име на издателя, разпространителя и проч. Асеневци
Година на издаване 312 с.
300 ## - Физическа характеристика
Страници 312
Размери/Мащаб 21 см.
380 ## - Жанр
Жанр Обществени науки
650 #7 - Допълнително описание по предмет – тема
9 (RLIN) 151367
Основно описание – тема или топоним Възпитание
650 #0 - Допълнително описание по предмет – тема
9 (RLIN) 276449
Основно описание – тема или топоним Способности и дарби - у деца
653 #7 - Ключова дума – ненормативна
9 (RLIN) 190909
Ключова дума метод на М. Монтесори
700 ## - Други автори (авторска отговорност)
Лично име Лилард, Пола Полк
Автороска отговорност (Описва отношението между автора и произведението) съавт.
9 (RLIN) 1445
852 ## - Местоположение
Фондова буква Заемна - подръчен фонд
Систематично-азбучна сигнатура П 37.01/Д 50
999 ## - СИСТЕМНИ КОНТРОЛНИ НОМЕРА
Koha biblionumber 330238
Koha biblioitemnumber 330238
942 ## - АРТИКУЛИ
Скрит в OPAC Не
Вид на библиотечния материал Книги
Koha issues (borrowed), all copies 18
999 ## - СИСТЕМНИ КОНТРОЛНИ НОМЕРА
Koha biblioitemnumber 330238
944 ## - СЪЗДАВАНЕ И РЕДАКЦИЯ на ЗАПИСА
Служител, извършил регистрацията/редакцията 30531
Статус, дата на статуса Цветелина Шанова
Наличности
Код за отписване Код за изгубен артикул Източник на класификационната схема Код за повреда Код за отдаване Артикулен № Име на библиотеката - собственик Име на библиотеката, в която се намира в момента Статус (Текущо местоположение) Дата на вписване в системата Местоположение - отдел Цена в лева Систематично азбучна сигнатура Баркод Цена в евро Служебен тип на артикула
  Не е изгубен Universal Decimal Classification Не е повреден заемане за дома 701397 Регионална библиотека "Любен Каравелов" Русе Регионална библиотека "Любен Каравелов" Русе Заемна - подръчен фонд 2019-04-16 Заемна - подръчен фонд 14.96 П 37.01/Д 50 120000831294 7.65 Книги
Vip Innovations Ltd, Rousse, Bulgaria 2025